=LDR 00000nam 2200000 4500 =001 INLIS000000000049191 =005 20170127151355.0 =006 =007 =008 =035 ##$$0010-011700000000472 =040 ##$$a NBPDMAT =082 ##$$a 306.895 986 51 =090 ##$$a 306.895 986 51 $bSaf s =100 ##$$a Lalu Safi'i =245 ##$$a Suku sasak dalam dekapan budaya $c / Drs. Lalu Safi'i =250 ##$$a Cet. 1 =260 ##$$a Jakarta $b Ardadizya Jaya $c 1999 =300 ##$$a 80 hlm. : $b ilus. ; $c 20 cm =650 ##$$a Kebudayaan - Sasak =850 ##$$a NBPDMAT =990 ##$$a 21605015 =990 ##$$a 21605016 =990 ##$$a 21605017 =990 ##$$a 21605018 =990 ##$$a 21605019 =990 ##$$a 259/46/2017 =990 ##$$a 21605015 =990 ##$$a 21605016 =990 ##$$a 21605017 =990 ##$$a 21605018 =990 ##$$a 259/46/2017 =990 ##$$a 21605015 =990 ##$$a 21605016 =990 ##$$a 21605018 =990 ##$$a 259/46/2017 =990 ##$$a 259/46/2017 =990 ##$$a 21605015 =990 ##$$a 21605016 =990 ##$$a 259/46/2017 =990 ##$$a 259/46/2017 =990 ##$$a 259/46/2017 =990 ##$$a 21605015 =990 ##$$a 259/46/2017 =990 ##$$a 259/46/2017 =990 ##$$a 259/46/2017 =990 ##$$a 259/46/2017 =990 ##$$a 21605015 =990 ##$$a 259/46/2017 =990 ##$$a 259/46/2017 =990 ##$$a 259/46/2017 =990 ##$$a 259/46/2017 =990 ##$$a 21605015 =990 ##$$a 259/46/2017 =990 ##$$a 259/46/2017 =990 ##$$a 259/46/2017